La hojarasca
Saved in:
| Hovedforfatter: | |
|---|---|
| Format: | Bog |
| Sprog: | spansk |
| Udgivet: |
Lima
Cuzco
1960
|
| Fag: | |
| Tags: |
Tilføj Tag
Ingen Tags, Vær først til at tagge denne postø!
|
MARC
| LEADER | 00000nam a2200000 a 4500 | ||
|---|---|---|---|
| 001 | UCX5209 | ||
| 003 | CL-VaPUC | ||
| 008 | 921006e19600000PE |||||||||||||||||spa|d | ||
| 082 | 0 | 4 | |a Co863 |b GAR |2 21 |
| 100 | 0 | |a García Márquez, Gabriel |e author |9 318478 | |
| 245 | 1 | 3 | |a La hojarasca |
| 300 | |a 127 p | ||
| 942 | |c BK | ||
| 945 | |d 19921006 00:00:00 | ||
| 260 | |a Lima |b Cuzco |c 1960 | ||
| 650 | 0 | |a Novelas colombianas |9 266734 | |
| 583 | |a last modification |c 19921006 00:00:00 |k Rodrigo Vera | ||
| 999 | |c 225507 |d 225505 | ||
| 952 | |0 0 |1 0 |4 0 |6 CO_863_000000000000000_GAR_1960 |7 0 |8 A |9 223066 |a BIBEDU |b BIBEDU |d 2019-11-15 |i 2919265 |o Co863 GAR 1960 |p 2919265 |r 2019-11-15 |w 2019-11-15 |y BK |k LIT | ||